Valoración de las fachadas de la arquitectura habitacional en la Calle Real del Centro Histórico de la ciudad de León, tramo 8va avenida no a la quinta avenida NE

El presente trabajo realiza un estudio de la fachada de la arquitectura habitacional de la Calle Real de la ciudad de León, con el objetivo de valorar la fachada de la arquitectura habitacional, analizando el sector de la Calle Real correspondiente a la 8va avenida NO a la 5ta avenida NE.

Bibliographic Details
Main Authors: Espinales Chiong, Carlos José, Mairena Parajón, Denis Iván
Other Authors: Tutor: Rodríguez Vásquez, Eduardo Antonio
Format: Tesis Section = Libro
Language:Undetermined
Spanish
Published: Managua UNI 2008
Subjects:
LEADER 01247nam a2200265Ia 4500
008 240830s9999 xx 000 0 und d
040 |a BIBLIOTECA-RUSB/ Mon 729.1 E77 
041 |a spa 
082 |a Mon 729.1 E77 
100 1 |a Espinales Chiong, Carlos José 
100 1 |b Mairena Parajón, Denis Iván 
245 1 0 |a Valoración de las fachadas de la arquitectura habitacional en la Calle Real del Centro Histórico de la ciudad de León, tramo 8va avenida no a la quinta avenida NE 
260 |a Managua  |b UNI  |c 2008 
300 |a 160 p. :il. 
500 |a Contiene: anexos. 
502 |a Tesis (Arquitecto) - UNI, 2008. 
520 3 |a El presente trabajo realiza un estudio de la fachada de la arquitectura habitacional de la Calle Real de la ciudad de León, con el objetivo de valorar la fachada de la arquitectura habitacional, analizando el sector de la Calle Real correspondiente a la 8va avenida NO a la 5ta avenida NE. 
650 7 |a FACHADAS - ARQUITECTURA 
650 7 |b  ELEMENTOS ARQUITECTÓNICOS - FACHADAS 
650 7 |c  ESTUDIO ARQUITECTÓNICO - FACHADAS 
650 7 |d  VIVIENDAS - FACHADAS - CENTRO HISTORICO 
700 1 |a Tutor:  |b Rodríguez Vásquez, Eduardo Antonio 
942 |c BK  |2 ddc 
991 |a TESIS 
999 |c 21533